US States by Oldest and Tallest Capitol Buildings - Statistics

General Stats
  • This quiz has been taken 64 times
  • The average score is 13 of 20
Answer Stats
Hint Answer % Correct
1788 Virginia
92%
1798 Massachusetts
90%
1772 Maryland
86%
1819 New Hampshire
86%
322 Florida
78%
1832 Maine
78%
1836 Vermont
78%
1861 Ohio
76%
1840 North Carolina
71%
311 Texas
71%
361 Illinois
67%
1792 New Jersey
65%
450 Louisiana
55%
400 Nebraska
55%
287 Washington
53%
1851 Alabama
45%
284 Wisconsin
45%
326 Kansas
43%
286 Utah
39%
292 West Virginia
37%
No matching quizzes found
Score Distribution
Percent of People with Each Score
Percentile by Number Answered
Your Score History
You have not taken this quiz